000 00400nmm a2200145Ia 4500
008 251105s9999||||xx |||||||||||||||||und||
041 _aspa
100 _aMoreto, Agustín
245 0 _aLa traición vengada
264 _a[Madrid, España] :
_bSaga Egmont,
_c2020
300 _a129 páginas
650 _aSpanish theater
856 _uhttps://public.digitaliapublishing.com/a/99935
942 _cCF
999 _c106748
_d106748